000 00495 a2200169 4500
003 OSt
005 20231211113817.0
008 231211b |||||||| |||| 00| 0 eng d
020 _a9789352822980
040 _coclc
082 _a954.83
_bCHA/I
100 1 _aChandra, Bipan
_9137
245 _aINDIAYUDE SAMPATHIKA DESHEEYATHA UYARCHAYUM VALARCHAYUM /
_cBipan Chandra
260 _bD C books,
_c2018.
300 _a648p
942 _2ddc
_cBK
_h954.83
_iCHA/I
_k954.83
_mCHA/I
999 _c44165
_d44165